000 00439 a2200169 4500
003 Nust
005 20170207153559.0
022 _a8176352934
040 _cNust
082 _a005.73
100 _aLafore, Robert
245 _aSams teach yourself data structures and algorithms in 24 hours (Include CD)
_cRobert Lafore,
260 _aTechmedia
_bMew Delhi
_c1999
300 _axvii, 523 p
650 _aData structures
651 _a(Include CD)
942 _2ddc
_cBK
999 _c189243
_d189243